Man and Superman : [A Critical Study] / (Record no. 9647)
[ view plain ]
| 000 -LEADER | |
|---|---|
| fixed length control field | 00607nac a22001931u 4500 |
| 082 ## - DEWEY DECIMAL CLASSIFICATION NUMBER | |
| Classification number | 823 |
| Item number | HAW |
| 090 ## - LOCALLY ASSIGNED LC-TYPE CALL NUMBER (OCLC); LOCAL CALL NUMBER (OCLC) | |
| -- | 9647 |
| -- | 9647 |
| 100 ## - MAIN ENTRY--PERSONAL NAME | |
| Personal name | Shaw, Bernard |
| 245 ## - TITLE STATEMENT | |
| Title | Man and Superman : [A Critical Study] / |
| Statement of responsibility, etc | Bernard Shaw, Raghukul Tilak |
| 250 ## - EDITION STATEMENT | |
| Edition statement | 13th ed. |
| 260 ## - PUBLICATION, DISTRIBUTION, ETC. (IMPRINT) | |
| Place of publication, distribution, etc | New Delhi : |
| Name of publisher, distributor, etc | Rama Brothers,1995. |
| Date of publication, distribution, etc | c1995. |
| 300 ## - PHYSICAL DESCRIPTION | |
| Extent | viii, 159p.; |
| Dimensions | 20 cm. |
| 500 ## - GENERAL NOTE | |
| General note | Distributer: Al-Ahram |
| 504 ## - BIBLIOGRAPHY, ETC. NOTE | |
| Bibliography, etc | Includes bibliographical references. |
| 511 ## - PARTICIPANT OR PERFORMER NOTE | |
| Participant or performer note | Catalogued by: Sara |
| 650 ## - SUBJECT ADDED ENTRY--TOPICAL TERM | |
| Topical term or geographic name as entry element | English Fiction |
| 700 ## - ADDED ENTRY--PERSONAL NAME | |
| Personal name | Tilak, Raghukul |
| 942 ## - ADDED ENTRY ELEMENTS (KOHA) | |
| Item type | Book - Borrowing |
| Call number prefix | 823SHA |
| Withdrawn status | Item status | Damaged status | Not for loan | Home library | Current library | Shelving location | Date acquired | Source of acquisition | Total Checkouts | Full call number | Barcode | Checked out | Date last seen | Koha item type |
|---|---|---|---|---|---|---|---|---|---|---|---|---|---|---|
| Central Library | Central Library | Second Floor | 26/05/2008 | Purchase | 1 | 823SHA | 000011541 | 16/07/2008 | 16/06/2008 | Book - Borrowing |